G. R. Santosh (In Kashmiri Language) (Record no. 332)

MARC details
000 -LEADER
fixed length control field 00260nam a2200109Ia 4500
008 - FIXED-LENGTH DATA ELEMENTS--GENERAL INFORMATION
fixed length control field 230125s9999 xx 000 0 und d
082 ## - DEWEY DECIMAL CLASSIFICATION NUMBER
Item number GADD
100 ## - MAIN ENTRY--PERSONAL NAME
Personal name Gadda, G. R. Hasrat
245 #0 - TITLE STATEMENT
Title G. R. Santosh (In Kashmiri Language)
260 ## - PUBLICATION, DISTRIBUTION, ETC.
Name of publisher, distributor, etc. 2008
Date of publication, distribution, etc. 2008
942 ## - ADDED ENTRY ELEMENTS (KOHA)
Koha item type Book
Holdings
Withdrawn status Lost status Source of classification or shelving scheme Damaged status Not for loan Collection code Home library Current library Shelving location Date acquired Cost, normal purchase price Full call number Barcode Date last seen Price effective from Koha item type Public note
    Dewey Decimal Classification     Non-fiction RIC Library RIC Library General Stacks 01/25/2023 124.00 8U8 GADD 000325 01/25/2023 01/25/2023 Book R-14.1

Venue

Rajasthan International Centre
Sansthan Path,JLN Marg, Jaipur- 302017
Phone: +91-7230904025